Sex is Power - MARINA (Lyrics) - Statistics

General Stats
  • This quiz has been taken 8 times
  • The average score is 227 of 345
Answer Stats
Answer % Correct
I
100%
power
100%
power?
100%
a
88%
April
88%
baby,
88%
Baby,
88%
body
88%
can
88%
don't
88%
Every
88%
got
88%
in
88%
is
88%
know
88%
me
88%
me,
88%
mode
88%
mode"
88%
on
88%
see
88%
shower
88%
that
88%
watching
88%
"We're
88%
We're
88%
we're
88%
you
88%
You
88%
your
88%
No
75%
no,
75%
of
75%
out
75%
put
75%
reach
75%
sex
75%
woman
75%
an
63%
and
63%
back,
63%
Burnin'
63%
'Cause,
63%
'Cause
63%
Comin'
63%
down
63%
everybody
63%
feel
63%
flower
63%
fuck
63%
I'm
63%
it
63%
keep
63%
knows
63%
like
63%
Like
63%
mouth,
63%
ours
63%
Rainin'
63%
scared
63%
sour
63%
sweet
63%
the
63%
to
63%
turning
63%
ultra
63%
world
63%
be
50%
energy
50%
eternal
50%
explode
50%
femininity
50%
my
50%
shame
50%
shut
50%
speak
50%
try
50%
with
50%
attention,
38%
bird
38%
'bout
38%
but
38%
cage
38%
for
38%
inside
38%
isn't
38%
I've
38%
keeps
38%
La-la-la-la-la,
38%
la-la-la-la-la
38%
make
38%
not
38%
now
38%
this
38%
you're
38%
away
25%
escape
25%
flown
25%
fly
25%
Fly
25%
From
25%
grow
25%
had
25%
has
25%
(Hm)
25%
la-la-la-la-la-la
25%
might
25%
(ooh)
25%
(ooh-ooh)
25%
think
25%
use
25%
used
25%
been
13%
butterfly
13%
chrysalis
13%
hands
13%
new
13%
stuck
13%
wings
13%
bloody
0%
man
0%
No matching quizzes found
Score Distribution
Percent of People with Each Score
Percentile by Number Answered
Your Score History
You have not taken this quiz